Muscia en español - Statistics

General Stats
  • This quiz has been taken 26 times
    5 since last reset
  • The average score is 8 of 51
Answer Stats
English Español % Correct
To Dance Bailar
100%
To Sing Cantar
100%
Random Aleatorio
50%
Previous (Former) Anterior
50%
Bass el bajo
50%
Singer el cantante
50%
Chorus el estribillo
50%
Verse el verso
50%
Drums la batería
50%
Song la canción
50%
Chords los acordes
50%
Next (Following) Siguiente
50%
To Whistle Silbar
50%
Do you play an (any) instrument? ¿Tocas algún instrumento?
50%
Fast Forward Adelantar
0%
Volume Down (Lower) Bajar volumen
0%
Which is your favorite band? ¿Cual es tu banda favorita?
0%
Which is your favorite song? ¿Cual es tu canción favorita?
0%
To Stop Detener
0%
Album el álbum
0%
Cello el chelo
0%
Genre el género
0%
Insturment el instrumento
0%
Piano el piano
0%
(The) Reggaeton is popular in Latin America El Reggaetón es popular en América Latina
0%
Rhythm el ritmo
0%
Saxophone el saxofón
0%
Sound el sonido
0%
Keyboard el teclado
0%
Tempo el tempo
0%
Violin el violín
0%
Have you heard the new song by...? ¿Has oído la nueva canción de
0%
Artist la artista
0%
Band la banda
0%
Library la biblioteca
0%
Scale la escala
0%
Guitar la guitarra
0%
Melody la melodía
0%
Music la música
0%
Note la nota
0%
Radio la radio
0%
Lyrics las letras
0%
To Pause Pausar
0%
Put On Music Poner música
0%
What type of music do you like? ¿Qué tipo de música te gusta?
0%
To Play (Music) Reproducir
0%
Rewind Retroceder
0%
To Skip Saltar
0%
Yes I play the guitar and the piano Sí toco la guitarra y el piano
0%
Volume Up (Increase) Subir volumen
0%
To Play (Instrument) Tocar
0%
No matching quizzes found
Score Distribution
Percent of People with Each Score
Percentile by Number Answered
Your Score History
You have not taken this quiz since the last reset